LEADER 05443nam 22008295 450 001 996466356903316 005 20240603235607.0 010 $a3-540-40063-X 024 7 $a10.1007/3-540-40063-X 035 $a(CKB)1000000000211350 035 $a(SSID)ssj0000320999 035 $a(PQKBManifestationID)11246881 035 $a(PQKBTitleCode)TC0000320999 035 $a(PQKBWorkID)10262408 035 $a(PQKB)10883282 035 $a(DE-He213)978-3-540-40063-9 035 $a(MiAaPQ)EBC3072747 035 $a(PPN)155164112 035 $a(EXLCZ)991000000000211350 100 $a20121227d2000 u| 0 101 0 $aeng 135 $aurnn#008mamaa 181 $ctxt 182 $cc 183 $acr 200 10$aAdvances in Multimodal Interfaces - ICMI 2000 $eThird International Conference Beijing, China, October 14-16, 2000 Proceedings /$fedited by Tieniu Tan, Yuanchun Shi, Wen Gao 205 $a1st ed. 2000. 210 1$aBerlin, Heidelberg :$cSpringer Berlin Heidelberg :$cImprint: Springer,$d2000. 215 $a1 online resource (XVI, 680 p.) 225 1 $aLecture Notes in Computer Science,$x0302-9743 ;$v1948 300 $aIncludes index. 311 $a3-540-41180-1 327 $aAffective and Perceptual Computing -- Gesture Recognition -- Face and Facial Expression Detection, Recognition and Synthesis -- Multilingual Interfaces and Natural Language Understanding -- Speech Processing and Speaker Detection -- Object Motion, Tracking and Recognition -- Handwriting Recognition -- Input Devices and Its Usability -- Virtual and Augmented Reality -- Multimodal Interfaces for Wearable and Mobile Computing -- Sign Languages and Multimodal Navigation for the Disabled -- Multimodal Integration and Application Systems. 330 $aMultimodal Interfaces represents an emerging interdisciplinary research direction and has become one of the frontiers in Computer Science. Multimodal interfaces aim at efficient, convenient and natural interaction and communication between computers (in their broadest sense) and human users. They will ultimately enable users to interact with computers using their everyday skills. These proceedings include the papers accepted for presentation at the Third International Conference on Multimodal Interfaces (ICMI 2000) held in Beijing, China on 1416 October 2000. The papers were selected from 172 contributions submitted worldwide. Each paper was allocated for review to three members of the Program Committee, which consisted of more than 40 leading researchers in the field. Final decisions of 38 oral papers and 48 poster papers were made based on the reviewers? comments and the desire for a balance of topics. The decision to have a single track conference led to a competitive selection process and it is very likely that some good submissions are not included in this volume. The papers collected here cover a wide range of topics such as affective and perceptual computing, interfaces for wearable and mobile computing, gestures and sign languages, face and facial expression analysis, multilingual interfaces, virtual and augmented reality, speech and handwriting, multimodal integration and application systems. They represent some of the latest progress in multimodal interfaces research. 410 0$aLecture Notes in Computer Science,$x0302-9743 ;$v1948 606 $aOptical data processing 606 $aComputer communication systems 606 $aSignal processing 606 $aImage processing 606 $aSpeech processing systems 606 $aUser interfaces (Computer systems) 606 $aPattern recognition 606 $aComputer graphics 606 $aImage Processing and Computer Vision$3https://scigraph.springernature.com/ontologies/product-market-codes/I22021 606 $aComputer Communication Networks$3https://scigraph.springernature.com/ontologies/product-market-codes/I13022 606 $aSignal, Image and Speech Processing$3https://scigraph.springernature.com/ontologies/product-market-codes/T24051 606 $aUser Interfaces and Human Computer Interaction$3https://scigraph.springernature.com/ontologies/product-market-codes/I18067 606 $aPattern Recognition$3https://scigraph.springernature.com/ontologies/product-market-codes/I2203X 606 $aComputer Graphics$3https://scigraph.springernature.com/ontologies/product-market-codes/I22013 615 0$aOptical data processing. 615 0$aComputer communication systems. 615 0$aSignal processing. 615 0$aImage processing. 615 0$aSpeech processing systems. 615 0$aUser interfaces (Computer systems). 615 0$aPattern recognition. 615 0$aComputer graphics. 615 14$aImage Processing and Computer Vision. 615 24$aComputer Communication Networks. 615 24$aSignal, Image and Speech Processing. 615 24$aUser Interfaces and Human Computer Interaction. 615 24$aPattern Recognition. 615 24$aComputer Graphics. 676 $a004/.01/9 702 $aTan$b Tieniu$4edt$4http://id.loc.gov/vocabulary/relators/edt 702 $aShi$b Yuanchun$4edt$4http://id.loc.gov/vocabulary/relators/edt 702 $aGao$b Wen$4edt$4http://id.loc.gov/vocabulary/relators/edt 712 12$aICMI (Conference) 906 $aBOOK 912 $a996466356903316 996 $aAdvances in Multimodal Interfaces - ICMI 2000$92179784 997 $aUNISA LEADER 03638nam 2200745Ia 450 001 9910133457403321 005 20260311165832.0 010 $a9786613371560 010 $a9781118148099 010 $a1118148096 010 $a9781283371568 010 $a1283371561 010 $a9780470619896 010 $a0470619899 010 $a9780470619902 010 $a0470619902 035 $a(CKB)3400000000000260 035 $a(EBL)699206 035 $a(OCoLC)794326213 035 $a(SSID)ssj0000476984 035 $a(PQKBManifestationID)11305771 035 $a(PQKBTitleCode)TC0000476984 035 $a(PQKBWorkID)10501747 035 $a(PQKB)11395258 035 $a(MiAaPQ)EBC699206 035 $a(Au-PeEL)EBL699206 035 $a(CaPaEBR)ebr10510643 035 $a(CaONFJC)MIL337156 035 $a(PPN)194597792 035 $a(FINmELB)ELB178324 035 $a(Perlego)1007433 035 $a(EXLCZ)993400000000000260 100 $a20100723d2010 uy 0 101 0 $aeng 135 $aur|n|---||||| 181 $ctxt 182 $cc 183 $acr 200 00$aEvolution after gene duplication /$fedited by Katharina Dittmar, David A. Liberles 205 $a1st ed. 210 $aHoboken, N.J. $cWiley-Blackwell$dc2010 215 $a1 online resource (352 p.) 300 $aDescription based upon print version of record. 311 08$a9780470593820 311 08$a0470593822 320 $aIncludes bibliographical references and index. 327 $aEVOLUTION AFTER GENE DUPLICATION; CONTENTS; Contributors; Preface; 1 Understanding Gene Duplication Through Biochemistry and Population Genetics; 2 Functional Divergence of Duplicated Genes; 3 Duplicate Retention After Small- and Large-Scale Duplications; 4 Gene Dosage and Duplication; 5 Myths and Realities of Gene Duplication; 6 Evolution After and Before Gene Duplication?; 7 Protein Products of Tandem Gene Duplication: A Structural View; 8 Statistical Methods for Detecting Functional Divergence of Gene Families 327 $a9 Mapping Gene Gains and Losses Among Metazoan Full Genomes Using an Integrated Phylogenetic Framework10 Reconciling Phylogenetic Trees; 11 On the Energy and Material Cost of Gene Duplication; 12 Fate of a Duplicate in a Network Context; 13 Evolutionary and Functional Aspects of Genetic Redundancy; 14 Phylogenomic Approach to the Evolutionary Dynamics of Gene Duplication in Birds; 15 Gene and Genome Duplications in Plants; 16 Whole Genome Duplications and the Radiation of Vertebrates; Index 330 $aGene duplication has long been believed to have played a major role in the rise of biological novelty through evolution of new function and gene expression patterns. The first book to examine gene duplication across all levels of biological organization, Evolution after Gene Duplication presents a comprehensive picture of the mechanistic process by which gene duplication may have played a role in generating biodiversity. Key Features:Explores comparative genomics, genome evolution studies and analysis of multi-gene families such as Hox, globins, olfactory 606 $aEvolutionary genetics 606 $aMutation (Biology) 606 $aVariation (Biology) 615 0$aEvolutionary genetics. 615 0$aMutation (Biology) 615 0$aVariation (Biology) 676 $a572.8/38 701 $aDittmar$b Katharina$0950102 701 $aLiberles$b David A$0950103 801 0$bMiAaPQ 801 1$bMiAaPQ 801 2$bMiAaPQ 906 $aBOOK 912 $a9910133457403321 996 $aEvolution after gene duplication$92147953 997 $aUNINA